| 000 | 00530 a2200157 4500 | ||
|---|---|---|---|
| 999 |
_c1350 _d1350 |
||
| 020 | _a9780495100553 | ||
| 050 | _aHB871 WEE 2008 | ||
| 100 |
_aWeeks, John R. _eauthor |
||
| 245 |
_aPopulation : _ban introduction to concepts and issues / _cJohn R. Weeks. |
||
| 250 | _a10th ed. | ||
| 264 |
_aBelmont, CA : _bThomson/Wadsworth Cengage Learning, _c [2008] |
||
| 300 |
_axxv, 610p. : _bill. |
||
| 500 | _aIncludes bibliographical references (p. 559-593) and index. | ||
| 650 | _aPopulation | ||
| 942 |
_2lcc _cBK _e10th ed. _h871 _iWEE _kHB |
||